000 00630nam a2200205 i 4500
001 107530
003 ES-MaACL
005 20231228062658.0
007 t|
008 061121s1961 sp r ||||1| spa d
100 1 _aMorros Sardá, José.
_983697
245 1 0 _aElementos de fisiología /
_cJosé Morros Sardá ; prólogo de Gregorio Marañón.
250 _a8ª. ed.
260 _aBarcelona :
_bCientífico-Médica,
_c1961.
300 _a2 v. :
_bil. ;
_c24 cm.
650 4 _aFisiología humana.
_912890
700 1 _aMarañón, Gregorio,
_d1887-1960
_976311
852 _aES-MaACL
_jP-699
_bR.46795
999 _c107530
_d107530